Kim Vân Kiều : Song ngữ Việt Anh /
Сохранить в:
| Главный автор: | |
|---|---|
| Другие авторы: | |
| Формат: | Sách giấy |
| Язык: | Vietnamese |
| Опубликовано: |
Sài gòn :
Khai trí,
1963
|
| Метки: |
Добавить метку
Нет меток, Требуется 1-ая метка записи!
|
| Thư viện lưu trữ: | Thư viện Trường Đại học Đà Lạt |
|---|
| LEADER | 00659nam a2200277 4500 | ||
|---|---|---|---|
| 001 | DLU040026207 | ||
| 005 | ##20040227 | ||
| 040 | # | # | |a DLU |b vie |
| 041 | # | # | |a vie |
| 044 | # | # | |a vn |
| 082 | # | # | |a 895.922 1 |b NG-D |
| 100 | # | # | |a Nguyễn Du |
| 245 | # | # | |a Kim Vân Kiều : |b Song ngữ Việt Anh / |c Nguyễn Du, Lê Xuân Thuỷ |
| 260 | # | # | |a Sài gòn : |b Khai trí, |c 1963 |
| 300 | # | # | |a 438 tr. ; |c 20 cm |
| 700 | # | # | |a Lê Xuân Thuỷ |
| 923 | # | # | |a 03/2004 |
| 992 | # | # | |a 25500 |
| 994 | # | # | |a DLU |
| 900 | # | # | |a True |
| 911 | # | # | |a Đào Thị Thu Huyền |
| 925 | # | # | |a G |
| 926 | # | # | |a A |
| 927 | # | # | |a SH |
| 980 | # | # | |a Thư viện Trường Đại học Đà Lạt |